<?xml version="1.0" encoding="UTF-8"?>
<collection xmlns="http://www.loc.gov/MARC21/slim">
 <record>
  <leader>01028cam a2200313 7i4500</leader>
  <controlfield tag="001">0000148665</controlfield>
  <controlfield tag="005">20200812090000.0</controlfield>
  <controlfield tag="008">200812t20192019my a   ###   #00001may##</controlfield>
  <datafield tag="020" ind1="#" ind2="#">
   <subfield code="a">9789672388104 </subfield>
  </datafield>
  <datafield tag="040" ind1="#" ind2="#">
   <subfield code="a">UMT</subfield>
  </datafield>
  <datafield tag="090" ind1="0" ind2="0">
   <subfield code="a">SB 351 .H5 </subfield>
   <subfield code="b">P4 2019</subfield>
  </datafield>
  <datafield tag="245" ind1="0" ind2="0">
   <subfield code="a">Penggunaan pemanis stevia dalam produk makanan  </subfield>
   <subfield code="c">disunting oleh Mohamad Yusof Maskat, Norlida Mat Daud, Haslaniza Hashim.</subfield>
  </datafield>
  <datafield tag="264" ind1="#" ind2="1">
   <subfield code="a">Bangi, Selangor: </subfield>
   <subfield code="b">UKM, </subfield>
   <subfield code="c">2019.</subfield>
  </datafield>
  <datafield tag="264" ind1="#" ind2="4">
   <subfield code="c">♭2019.</subfield>
  </datafield>
  <datafield tag="300" ind1="#" ind2="#">
   <subfield code="a">126 pages: </subfield>
   <subfield code="b">illustrations; </subfield>
   <subfield code="c">23 cm.</subfield>
  </datafield>
  <datafield tag="336" ind1="#" ind2="#">
   <subfield code="a">text</subfield>
   <subfield code="2">rdacontent</subfield>
  </datafield>
  <datafield tag="337" ind1="#" ind2="#">
   <subfield code="a">unmediated</subfield>
   <subfield code="2">rdamedia</subfield>
  </datafield>
  <datafield tag="338" ind1="#" ind2="#">
   <subfield code="a">volume</subfield>
   <subfield code="2">rdacarrier</subfield>
  </datafield>
  <datafield tag="500" ind1="#" ind2="#">
   <subfield code="a">Includes index</subfield>
  </datafield>
  <datafield tag="504" ind1="#" ind2="#">
   <subfield code="a">Includes bibliographical</subfield>
  </datafield>
  <datafield tag="590" ind1="#" ind2="#">
   <subfield code="a">Fakulti Perikanan dan Sains Makanan</subfield>
  </datafield>
  <datafield tag="650" ind1="0" ind2="0">
   <subfield code="a">Stevia </subfield>
  </datafield>
  <datafield tag="650" ind1="0" ind2="0">
   <subfield code="a">Stevia rebaudiana </subfield>
  </datafield>
  <datafield tag="650" ind1="0" ind2="0">
   <subfield code="a">Cooking (Stevia) </subfield>
  </datafield>
  <datafield tag="650" ind1="0" ind2="0">
   <subfield code="a">Government publications -- </subfield>
   <subfield code="z">Malaysia </subfield>
  </datafield>
  <datafield tag="700" ind1="0" ind2="#">
   <subfield code="a">Haslaniza Hashim </subfield>
  </datafield>
  <datafield tag="700" ind1="0" ind2="#">
   <subfield code="a">Norlida Mat Daud </subfield>
  </datafield>
  <datafield tag="700" ind1="0" ind2="#">
   <subfield code="a">Mohamad Yusof Maskat </subfield>
  </datafield>
  <datafield tag="999" ind1=" " ind2=" ">
   <subfield code="a">1100109367</subfield>
   <subfield code="b">Book</subfield>
   <subfield code="c">Open Shelf</subfield>
   <subfield code="e">KOLEKSI TERBUKA</subfield>
  </datafield>
 </record>
</collection>
